<?xml version="1.0" encoding="UTF-8"?><?xml-stylesheet type="text/xsl" href="static/style.xsl"?><OAI-PMH xmlns="http://www.openarchives.org/OAI/2.0/" xmlns:xsi="http://www.w3.org/2001/XMLSchema-instance" xsi:schemaLocation="http://www.openarchives.org/OAI/2.0/ http://www.openarchives.org/OAI/2.0/OAI-PMH.xsd"><responseDate>2026-06-06T02:44:52Z</responseDate><request verb="GetRecord" identifier="oai:riuma.uma.es:10630/20565" metadataPrefix="marc">https://riuma.uma.es/rest/oai/request</request><GetRecord><record><header><identifier>oai:riuma.uma.es:10630/20565</identifier><datestamp>2026-02-03T12:30:00Z</datestamp><setSpec>com_10630_2254</setSpec><setSpec>col_10630_37959</setSpec></header><metadata><record xmlns="http://www.loc.gov/MARC21/slim" xmlns:dcterms="http://purl.org/dc/terms/" xmlns:doc="http://www.lyncode.com/xoai" xmlns:xsi="http://www.w3.org/2001/XMLSchema-instance" xsi:schemaLocation="http://www.loc.gov/MARC21/slim http://www.loc.gov/standards/marcxml/schema/MARC21slim.xsd">
   <leader>00925njm 22002777a 4500</leader>
   <datafield ind2=" " ind1=" " tag="042">
      <subfield code="a">dc</subfield>
   </datafield>
   <datafield ind2=" " ind1=" " tag="720">
      <subfield code="a">López-Martín, Álvaro</subfield>
      <subfield code="e">author</subfield>
   </datafield>
   <datafield ind2=" " ind1=" " tag="720">
      <subfield code="a">Córdoba-Cabús, Alba</subfield>
      <subfield code="e">author</subfield>
   </datafield>
   <datafield ind2=" " ind1=" " tag="260">
      <subfield code="c">2020-12-14</subfield>
   </datafield>
   <datafield ind2=" " ind1=" " tag="520">
      <subfield code="a">En esta comunicación sus autores proponen determinar, a través de un análisis&#xd;
de contenido, los rasgos de las fake news difundidas referidas al coronavirus.&#xd;
Para ello se seleccionó, mediante un muestreo aleatorio simple, un total de 30&#xd;
bulos registrados en las plataformas de verificación AFP Factual (n=15) y Newtral&#xd;
(n=15) entre el 4 de mayo —jornada en la que se inauguró la denominada Fase&#xd;
0— y el 15 de octubre de 2020. A todas las unidades de registro se le aplicó una&#xd;
ficha de análisis dividida en tres dimensiones —identificación, análisis formal y&#xd;
análisis del mensaje— en las que se integraron variables empleadas en estudios&#xd;
previos (Moreno-Castro et al., 2020; Salaverría et al., 2020) y ad hoc vinculadas&#xd;
con los objetivos de la investigación. Los resultados demuestran que Facebook&#xd;
(76,67%) y Twitter (60%) son las principales plataformas diseminadoras de&#xd;
bulos. En menor medida, se registran noticias falsas difundidas en WhatsApp&#xd;
(33,33%), Instagram (6,67%) y YouTube (3,33%). Este contraste podría deberse,&#xd;
a priori, a una simple razón sociológica o de preferencias de los usuarios para&#xd;
compartir mensajes, dado que ninguna de estas plataformas cuenta con eficaces&#xd;
y desarrollados mecanismos de control y detección de bulos.</subfield>
   </datafield>
   <datafield ind1="8" ind2=" " tag="024">
      <subfield code="a">https://hdl.handle.net/10630/20565</subfield>
   </datafield>
   <datafield tag="653" ind2=" " ind1=" ">
      <subfield code="a">Información</subfield>
   </datafield>
   <datafield tag="653" ind2=" " ind1=" ">
      <subfield code="a">Enfermedades por virus - Transmisión</subfield>
   </datafield>
   <datafield ind2="0" ind1="0" tag="245">
      <subfield code="a">Desinformación en tiempos de pandemia: Análisis de las fake news difundidas sobre el COVID-19</subfield>
   </datafield>
</record>
</metadata></record></GetRecord></OAI-PMH>